Du Pontov rozklad rentability a jeho využitie v manažmente podniku
Rôzne teoretické pohľady na vytváranie Du Pont rovníc a ich následné praktické využitie v oblasti pyramídových sústav finančno-ekonomických ukazovateľov.
Saved in:
| Main Author: | |
|---|---|
| Other Authors: | |
| Format: | Book Chapter |
| Language: | Slovak |
| Subjects: | |
| Tags: |
No Tags, Be the first to tag this record!
|
MARC
| LEADER | 00000naa a2200000 4500 | ||
|---|---|---|---|
| 001 | 0164690 | ||
| 005 | 20220512100727.2 | ||
| 041 | 0 | |a slo | |
| 044 | |a SK | ||
| 245 | 1 | 0 | |a Du Pontov rozklad rentability a jeho využitie v manažmente podniku |c Rastislav Kotulič, Miroslava Rajčániová |
| 520 | |a Rôzne teoretické pohľady na vytváranie Du Pont rovníc a ich následné praktické využitie v oblasti pyramídových sústav finančno-ekonomických ukazovateľov. | ||
| 610 | 2 | 0 | |a rentabilita podniku |
| 610 | 2 | 0 | |a meranie výkonnosti |
| 610 | 2 | 0 | |a ukazovatele výkonnosti |
| 610 | 2 | 0 | |a manažment |
| 610 | 2 | 0 | |a riadenie podnikové |
| 100 | 1 | |a Kotulič, Rastislav | |
| 700 | 1 | |a Rajčániová, Miroslava | |